[Event "6. Copenhagen Open Politiken Cup"]
[Site "Copenhagen"]
[Date "1984.??.??"]
[Round "4"]
[White "Brinck Claussen, Bjorn"]
[Black "Carl, Manfred"]
[Result "1-0"]
[WhiteElo "2370"]
[BlackElo "2230"]
[PlyCount "103"]
[EventDate "1984.??.??"]
[EventType "swiss"]
[EventRounds "10"]
[EventCountry "DEN"]
[SourceDate "2004.01.01"]

1. d4 d5 2. c4 c6 3. Nf3 Nf6 4. Nc3 Bf5 5. cxd5 cxd5 6. Qb3 Bc8 7. Bg5 e6 8. e3
Be7 9. Bb5+ Nbd7 10. Rc1 O-O 11. Bd3 Nb8 12. Qc2 h6 13. Bh4 Nc6 14. a3 Bd7 15.
h3 Rc8 16. g4 Na5 17. Ne5 Nc4 18. O-O b5 19. Qe2 a6 20. Bb1 Be8 21. f4 g6 22.
f5 exf5 23. gxf5 g5 24. Bg3 Nd6 25. Ng4 Nxg4 26. hxg4 Bc6 27. Qh2 f6 28. Qxh6
Rf7 29. Qh2 a5 30. Kf2 Rh7 31. Qg2 b4 32. axb4 axb4 33. Ne2 Bb7 34. Rh1 Rxc1
35. Rxc1 Bf8 36. Rh1 Nc4 37. Rxh7 Kxh7 38. Qh1+ Kg8 39. Qc1 Qe7 40. e4 Qh7 41.
Bd3 Nd6 42. e5 Ne4+ 43. Bxe4 dxe4 44. exf6 Qh6 45. Qc4+ Kh8 46. Qf7 Ba6 47. b3
Bd3 48. Ke3 Bc2 49. Kd2 Bd3 50. Be5 Bb5 51. Qg6 e3+ 52. Kxe3 1-0

[Event "6. Copenhagen Open Politiken Cup"]
[Site "Copenhagen"]
[Date "1984.??.??"]
[Round "4"]
[White "Brondum, Eric"]
[Black "Barczay, Laszlo"]
[Result "1/2-1/2"]
[WhiteElo "2260"]
[BlackElo "2410"]
[PlyCount "75"]
[EventDate "1984.??.??"]
[EventType "swiss"]
[EventRounds "10"]
[EventCountry "DEN"]
[SourceDate "2004.01.01"]

1. d4 d5 2. c4 e6 3. Nf3 c5 4. cxd5 exd5 5. g3 Nc6 6. Bg2 Nf6 7. O-O Be7 8. Nc3
O-O 9. Bg5 cxd4 10. Nxd4 h6 11. Bxf6 Bxf6 12. e3 Be6 13. Nxe6 fxe6 14. Qb3 Qb6
15. Bh3 Rfe8 16. Qxb6 axb6 17. Rab1 Re7 18. Rfc1 Ne5 19. Rc2 g5 20. Bg2 Rc7 21.
Re2 g4 22. Nb5 Rc5 23. Nd4 Kf7 24. h3 h5 25. hxg4 hxg4 26. b3 Rac8 27. Rd1 Rc1
28. Ree1 Nd3 29. Rxc1 Rxc1 30. Rxc1 Nxc1 31. Nb5 Ke7 32. Bf1 Nxa2 33. Be2 Nc1
34. Bxg4 Nxb3 35. Be2 Bb2 36. Kg2 Nd2 37. Bd3 Nc4 38. g4 1/2-1/2

[Event "6. Copenhagen Open Politiken Cup"]
[Site "Copenhagen"]
[Date "1984.??.??"]
[Round "4"]
[White "Cramling, Dan"]
[Black "Degerman, Lars"]
[Result "1-0"]
[WhiteElo "2380"]
[BlackElo "2270"]
[PlyCount "89"]
[EventDate "1984.??.??"]
[EventType "swiss"]
[EventRounds "10"]
[EventCountry "DEN"]
[SourceDate "2004.01.01"]

1. Nf3 Nf6 2. c4 g6 3. Nc3 Bg7 4. d4 O-O 5. e4 d6 6. Be2 e5 7. Be3 c6 8. O-O
exd4 9. Nxd4 Re8 10. f3 d5 11. cxd5 cxd5 12. Qb3 dxe4 13. Bc4 Qe7 14. Bg5 Nc6
15. Nxc6 bxc6 16. Nxe4 h6 17. Rae1 Be6 18. Nxf6+ Bxf6 19. Bxf6 Qxf6 20. Bxe6
Rxe6 21. Rxe6 Qxe6 22. Qxe6 fxe6 23. Rd1 Rb8 24. b3 a5 25. Rd6 a4 26. Rxe6 Kf7
27. Re3 axb3 28. axb3 Rb4 29. Kf2 c5 30. Rc3 Ke6 31. Ke2 h5 32. Kd2 Kd5 33.
Rd3+ Ke5 34. Re3+ Kf5 35. Kc3 Rh4 36. h3 Rb4 37. Re4 Rb5 38. Ra4 g5 39. g3 Ke5
40. h4 Kf6 41. hxg5+ Kxg5 42. Kc4 Rb7 43. Ra5 Kh6 44. Rxc5 Rg7 45. g4 1-0

[Event "6. Copenhagen Open Politiken Cup"]
[Site "Copenhagen"]
[Date "1984.??.??"]
[Round "4"]
[White "De Boer, Gert Jan"]
[Black "Berg, Klaus"]
[Result "1-0"]
[WhiteElo "2340"]
[BlackElo "2400"]
[PlyCount "91"]
[EventDate "1984.??.??"]
[EventType "swiss"]
[EventRounds "10"]
[EventCountry "DEN"]
[SourceDate "2004.01.01"]

1. d4 Nf6 2. Nf3 g6 3. c4 Bg7 4. Nc3 c6 5. e4 d6 6. Be2 O-O 7. O-O Nbd7 8. Qc2
a6 9. Rd1 Qc7 10. Rb1 b5 11. b4 bxc4 12. Bxc4 a5 13. b5 d5 14. Bd3 cxb5 15. e5
b4 16. exf6 Nxf6 17. Ne4 Qxc2 18. Nxf6+ Bxf6 19. Bxc2 Bg4 20. Be3 Rfc8 21. Rdc1
Bxf3 22. gxf3 e6 23. Kf1 Rc3 24. Bb3 Rxc1+ 25. Rxc1 a4 26. Bd1 e5 27. Bd2 b3
28. axb3 a3 29. Ke2 e4 30. Be3 Be7 31. Ra1 f5 32. Ra2 Kf7 33. Bd2 Bf6 34. Bb4
Bxd4 35. Rxa3 Rxa3 36. Bxa3 Ke6 37. b4 Bb6 38. Bb2 d4 39. Bb3+ Ke5 40. fxe4
fxe4 41. f3 e3 42. Kd3 g5 43. Bd1 Kd5 44. Be2 Ba7 45. h3 Bb6 46. Ba3 1-0

[Event "6. Copenhagen Open Politiken Cup"]
[Site "Copenhagen"]
[Date "1984.??.??"]
[Round "4"]
[White "Fedder, Steen"]
[Black "Norgaard, Jesper"]
[Result "1/2-1/2"]
[WhiteElo "2420"]
[BlackElo "2315"]
[PlyCount "44"]
[EventDate "1984.??.??"]
[EventType "swiss"]
[EventRounds "10"]
[EventCountry "DEN"]
[SourceDate "2004.01.01"]

1. d4 Nf6 2. c4 c5 3. d5 e5 4. Nc3 d6 5. e4 Be7 6. Be2 O-O 7. Nf3 Nbd7 8. a3
Ne8 9. b4 b6 10. Rb1 Kh8 11. O-O g6 12. Bh6 Ng7 13. Qd2 Nf6 14. Ne1 Ng8 15. Be3
f5 16. exf5 Nxf5 17. bxc5 Nxe3 18. fxe3 bxc5 19. Nd3 Nf6 20. Nf2 Ba6 21. Nce4
Nd7 22. Bd3 Rb8 1/2-1/2

[Event "6. Copenhagen Open Politiken Cup"]
[Site "Copenhagen"]
[Date "1984.??.??"]
[Round "4"]
[White "Hartung Nielsen, Jens"]
[Black "Schandorff, Lars"]
[Result "0-1"]
[WhiteElo "2240"]
[BlackElo "2310"]
[PlyCount "52"]
[EventDate "1984.??.??"]
[EventType "swiss"]
[EventRounds "10"]
[EventCountry "DEN"]
[SourceDate "2004.01.01"]

1. d4 Nf6 2. Nf3 g6 3. c4 Bg7 4. Nc3 d5 5. cxd5 Nxd5 6. e4 Nxc3 7. bxc3 c5 8.
Rb1 O-O 9. Be2 Qa5 10. Rb5 Qxa2 11. Rxc5 Nd7 12. Rb5 b6 13. O-O e5 14. Rb3 Ba6
15. Bxa6 Qxa6 16. Bg5 Rac8 17. Qd2 Rfe8 18. Re1 Rc7 19. Nxe5 Nxe5 20. dxe5 Qc4
21. Ra3 Bxe5 22. Qe3 Rd7 23. f4 Bd6 24. Qh3 Bc5+ 25. Kh1 Qxe4 26. Rf1 Rd1 0-1

[Event "6. Copenhagen Open Politiken Cup"]
[Site "Copenhagen"]
[Date "1984.??.??"]
[Round "4"]
[White "Hoi, Carsten"]
[Black "Berkell, Peder"]
[Result "1/2-1/2"]
[WhiteElo "2400"]
[BlackElo "2305"]
[PlyCount "82"]
[EventDate "1984.??.??"]
[EventType "swiss"]
[EventRounds "10"]
[EventCountry "DEN"]
[SourceDate "2004.01.01"]

1. d4 d5 2. Nc3 Nf6 3. Bg5 e6 4. e4 Be7 5. e5 Nfd7 6. Bxe7 Qxe7 7. f4 O-O 8.
Nf3 c5 9. dxc5 Nc6 10. Bd3 f5 11. exf6 Qxf6 12. g3 Nxc5 13. O-O b6 14. Qd2 Bb7
15. Rae1 Rad8 16. Ne5 Nxe5 17. Rxe5 d4 18. Ne4 Bxe4 19. Bxe4 Nd7 20. Rg5 e5 21.
Rf5 Qd6 22. fxe5 Nxe5 23. Rxf8+ Rxf8 24. Rxf8+ Kxf8 25. Qf4+ Kg8 26. Kg2 g6 27.
h4 Kg7 28. g4 h6 29. g5 h5 30. Kg3 Qe6 31. Bg2 Qd6 32. Bb7 d3 33. cxd3 Qxd3+
34. Bf3 Qd6 35. Kg2 a5 36. a3 Qc5 37. Qf6+ Kg8 38. Be4 Qd4 39. Qe6+ Kf8 40.
Qf6+ Kg8 41. Qe6+ Kf8 1/2-1/2

[Event "6. Copenhagen Open Politiken Cup"]
[Site "Copenhagen"]
[Date "1984.??.??"]
[Round "4"]
[White "Horvath, Tamas"]
[Black "Hvenekilde, Jorgen"]
[Result "1/2-1/2"]
[WhiteElo "2440"]
[BlackElo "2290"]
[PlyCount "71"]
[EventDate "1984.??.??"]
[EventType "swiss"]
[EventRounds "10"]
[EventCountry "DEN"]
[SourceDate "2004.01.01"]

1. e4 e6 2. d4 d5 3. Nc3 Nf6 4. e5 Nfd7 5. f4 c5 6. Nf3 Nc6 7. Be3 cxd4 8. Nxd4
Be7 9. Be2 O-O 10. Qd2 Nb6 11. O-O Bd7 12. Rad1 Rc8 13. Nb3 f6 14. Kh1 Kh8 15.
exf6 Bxf6 16. Nd4 Nxd4 17. Bxd4 Nc4 18. Bxc4 Rxc4 19. Be5 Be8 20. b3 Rc8 21.
Ne2 Bxe5 22. fxe5 Bh5 23. Rde1 Bxe2 24. Qxe2 Qg5 25. h3 h6 26. Rf2 Rf5 27. c4
Rxf2 28. Qxf2 dxc4 29. bxc4 Rxc4 30. Qxa7 Rc1 31. Qb8+ Kh7 32. Rxc1 Qxc1+ 33.
Kh2 Qf4+ 34. Kh1 Qf1+ 35. Kh2 b5 36. a3 1/2-1/2

[Event "6. Copenhagen Open Politiken Cup"]
[Site "Copenhagen"]
[Date "1984.??.??"]
[Round "4"]
[White "Jacoby, Gisbert"]
[Black "Iskov, Gert"]
[Result "1/2-1/2"]
[WhiteElo "2245"]
[BlackElo "2370"]
[PlyCount "27"]
[EventDate "1984.??.??"]
[EventType "swiss"]
[EventRounds "10"]
[EventCountry "DEN"]
[SourceDate "2004.01.01"]

1. d4 e6 2. e4 d5 3. exd5 exd5 4. Nf3 Bd6 5. c4 Nf6 6. Nc3 dxc4 7. Bxc4 O-O 8.
O-O Bg4 9. h3 Bh5 10. g4 Bg6 11. Ne5 c5 12. Bg5 cxd4 13. Qxd4 Bxe5 14. Qxe5
1/2-1/2

[Event "6. Copenhagen Open Politiken Cup"]
[Site "Copenhagen"]
[Date "1984.??.??"]
[Round "4"]
[White "Jensen, Allan Astrup"]
[Black "Nilsson, Nils Specht"]
[Result "0-1"]
[WhiteElo "2240"]
[BlackElo "2245"]
[PlyCount "38"]
[EventDate "1984.??.??"]
[EventType "swiss"]
[EventRounds "10"]
[EventCountry "DEN"]
[SourceDate "2004.01.01"]

1. e4 c5 2. Nf3 d6 3. d4 cxd4 4. Nxd4 Nf6 5. Nc3 a6 6. Bc4 Nbd7 7. O-O g6 8.
Bg5 Bg7 9. Bb3 h6 10. Be3 Nc5 11. f3 O-O 12. Qd2 Kh7 13. Rad1 Nxb3 14. axb3 Bd7
15. Kh1 Rc8 16. Qf2 Qc7 17. Rd2 Rh8 18. Ra1 Rcg8 19. Qe2 e5 0-1

[Event "6. Copenhagen Open Politiken Cup"]
[Site "Copenhagen"]
[Date "1984.??.??"]
[Round "4"]
[White "King, Daniel J"]
[Black "Hartman, Christer"]
[Result "0-1"]
[WhiteElo "2435"]
[BlackElo "2210"]
[PlyCount "60"]
[EventDate "1984.??.??"]
[EventType "swiss"]
[EventRounds "10"]
[EventCountry "DEN"]
[SourceDate "2004.01.01"]

1. d4 d5 2. c4 dxc4 3. e3 Nf6 4. Bxc4 e6 5. Nf3 c5 6. O-O a6 7. a4 Nc6 8. Qe2
cxd4 9. Rd1 Be7 10. exd4 O-O 11. Nc3 Nd5 12. Be3 Ncb4 13. Ne5 b6 14. Nxd5 exd5
15. Bb3 f6 16. Nd3 Bf5 17. Nf4 g5 18. Nh5 Qd7 19. Ng3 Bg6 20. h4 f5 21. Bxg5
Bxg5 22. hxg5 f4 23. Nf1 f3 24. gxf3 Rae8 25. Ne3 Bh5 26. Qf1 Bxf3 27. Re1 Rxe3
28. Rxe3 Qg4+ 29. Kh2 Qh4+ 30. Kg1 Qh1# 0-1

[Event "6. Copenhagen Open Politiken Cup"]
[Site "Copenhagen"]
[Date "1984.??.??"]
[Round "4"]
[White "Knoppert, Erik G J"]
[Black "Petersen, Finn"]
[Result "1/2-1/2"]
[WhiteElo "2245"]
[BlackElo "2320"]
[PlyCount "80"]
[EventDate "1984.??.??"]
[EventType "swiss"]
[EventRounds "10"]
[EventCountry "DEN"]
[SourceDate "2004.01.01"]

1. c4 e5 2. Nc3 Nc6 3. g3 g6 4. Bg2 Bg7 5. e3 d6 6. Nge2 Bd7 7. b3 h5 8. h4 Nh6
9. Ba3 Nf5 10. Rc1 g5 11. hxg5 Qxg5 12. Rg1 h4 13. gxh4 Qh6 14. Bh3 Nxh4 15.
Bxd7+ Kxd7 16. Ng3 f5 17. Nd5 Rac8 18. d3 Bf8 19. Rh1 Qg6 20. Nh5 Ng2+ 21. Kd2
Be7 22. Nxe7 Kxe7 23. Qe2 Qg4 24. Ng3 Qxe2+ 25. Kxe2 Ke6 26. Rxh8 Rxh8 27. Rg1
Nh4 28. Nf1 Kf6 29. Rh1 Ng6 30. Rxh8 Nxh8 31. Nd2 Kf7 32. Bb2 Kg6 33. Nb1 Ne7
34. Kf3 Nc6 35. a3 Ne7 36. Nc3 c6 37. b4 Kf6 38. Ke2 Ke6 39. Nb1 d5 40. Nd2 b6
1/2-1/2

[Event "6. Copenhagen Open Politiken Cup"]
[Site "Copenhagen"]
[Date "1984.??.??"]
[Round "4"]
[White "Knudsen, Per"]
[Black "Auchenberg, Per"]
[Result "0-1"]
[WhiteElo "2295"]
[BlackElo "2240"]
[PlyCount "74"]
[EventDate "1984.??.??"]
[EventType "swiss"]
[EventRounds "10"]
[EventCountry "DEN"]
[SourceDate "2004.01.01"]

1. Nf3 f5 2. c4 Nf6 3. Nc3 g6 4. g3 Bg7 5. Bg2 O-O 6. O-O d6 7. d3 Nh5 8. Bd2
f4 9. b4 Nc6 10. b5 Ne5 11. Nxe5 Bxe5 12. Rb1 a6 13. a4 axb5 14. axb5 Rb8 15.
e3 fxe3 16. fxe3 Rxf1+ 17. Qxf1 e6 18. Qf2 Bg7 19. Rf1 Qe7 20. Ne4 d5 21. Bb4
Qe8 22. Nc3 c5 23. Bxc5 Bxc3 24. g4 Nf6 25. d4 Nd7 26. Bd6 Ra8 27. cxd5 e5 28.
g5 exd4 29. e4 d3 30. Bh3 Ne5 31. Qf8+ Qxf8 32. Rxf8+ Kg7 33. Rxc8 d2 34. Bf8+
Kh8 35. Rxa8 d1=Q+ 36. Bf1 Bd4+ 37. Kh1 Qxf1# 0-1

[Event "6. Copenhagen Open Politiken Cup"]
[Site "Copenhagen"]
[Date "1984.??.??"]
[Round "4"]
[White "Kristiansen, Jens"]
[Black "Westerinen, Heikki"]
[Result "1/2-1/2"]
[WhiteElo "2450"]
[BlackElo "2385"]
[PlyCount "80"]
[EventDate "1984.??.??"]
[EventType "swiss"]
[EventRounds "10"]
[EventCountry "DEN"]
[SourceDate "2004.01.01"]

1. e4 e5 2. Nf3 Nc6 3. Bc4 Nf6 4. d3 Be7 5. O-O d6 6. c3 O-O 7. Nbd2 Na5 8. Bb5
a6 9. Ba4 b5 10. Bc2 c5 11. a4 b4 12. cxb4 cxb4 13. d4 Nc6 14. d5 Na5 15. b3
Nd7 16. Ne1 Nc5 17. Bb2 Bg5 18. Ndf3 Bg4 19. h3 Bh5 20. g4 Bg6 21. Nxg5 Qxg5
22. Bc1 Qh4 23. Qf3 h5 24. Ng2 hxg4 25. hxg4 Qh7 26. Re1 f6 27. Re3 Kf7 28. Ne1
Rh8 29. Qg2 Rab8 30. f3 Qg8 31. Rb1 Rh4 32. Nd3 Qh7 33. Nf2 Rh8 34. Re1 Rh2 35.
Qg3 Nab7 36. Bd2 a5 37. Kf1 Ke7 38. Ke2 Qh4 39. Qxh4 R8xh4 40. Rh1 Be8 1/2-1/2

[Event "6. Copenhagen Open Politiken Cup"]
[Site "Copenhagen"]
[Date "1984.??.??"]
[Round "4"]
[White "Matulovic, Milan"]
[Black "Sorensen, Bent"]
[Result "1/2-1/2"]
[WhiteElo "2465"]
[BlackElo "2290"]
[PlyCount "75"]
[EventDate "1984.??.??"]
[EventType "swiss"]
[EventRounds "10"]
[EventCountry "DEN"]
[SourceDate "2004.01.01"]

1. e4 e6 2. d4 d5 3. Nd2 c5 4. exd5 exd5 5. Ngf3 Nc6 6. Bb5 Bd6 7. O-O Nge7 8.
dxc5 Bxc5 9. Nb3 Bb6 10. Re1 O-O 11. Bg5 f6 12. Be3 Qd6 13. Bxb6 axb6 14. Qd2
Ne5 15. Nbd4 Rd8 16. h3 N7c6 17. c3 Bd7 18. Bf1 Be8 19. a3 Na5 20. Qf4 Nac6 21.
Rad1 Bh5 22. g4 Bg6 23. Qg3 Be4 24. Nxe5 Qxe5 25. Qe3 Re8 26. f4 Qe7 27. Bg2
Qf7 28. Nxc6 bxc6 29. Qxb6 Rab8 30. Qf2 f5 31. b4 Ra8 32. Ra1 Qf6 33. Qd2 Ra4
34. gxf5 Qxf5 35. c4 Raa8 36. cxd5 cxd5 37. Kh2 Rac8 38. Rac1 1/2-1/2

[Event "6. Copenhagen Open Politiken Cup"]
[Site "Copenhagen"]
[Date "1984.??.??"]
[Round "4"]
[White "Moe, Mogens"]
[Black "Grooten, Herman"]
[Result "0-1"]
[WhiteElo "2350"]
[BlackElo "2305"]
[PlyCount "54"]
[EventDate "1984.??.??"]
[EventType "swiss"]
[EventRounds "10"]
[EventCountry "DEN"]
[SourceDate "2004.01.01"]

1. e4 c5 2. Nf3 e6 3. d4 cxd4 4. Nxd4 Nf6 5. Nc3 d6 6. Bc4 Be7 7. Be3 O-O 8.
Bb3 Na6 9. f4 Nc5 10. Qf3 a5 11. f5 a4 12. Bc4 a3 13. fxe6 fxe6 14. Nf5 axb2
15. Rb1 b5 16. Bxc5 bxc4 17. Nxe7+ Qxe7 18. e5 Nd5 19. Nxd5 exd5 20. Qxd5+ Be6
21. exd6 Qh4+ 22. g3 Bxd5 23. gxh4 c3 24. Ke2 Bxh1 25. Kd3 Rf3+ 26. Kc4 Bg2 27.
Bb4 Rf1 0-1

[Event "6. Copenhagen Open Politiken Cup"]
[Site "Copenhagen"]
[Date "1984.??.??"]
[Round "4"]
[White "Poulsen, Allan"]
[Black "Fette, Martin"]
[Result "0-1"]
[WhiteElo "2350"]
[BlackElo "2270"]
[PlyCount "72"]
[EventDate "1984.??.??"]
[EventType "swiss"]
[EventRounds "10"]
[EventCountry "DEN"]
[SourceDate "2004.01.01"]

1. e4 g6 2. d4 Bg7 3. c3 d6 4. f4 Nf6 5. e5 dxe5 6. fxe5 Nd5 7. Nf3 O-O 8. Bc4
c5 9. O-O cxd4 10. cxd4 Nc6 11. Nc3 Be6 12. Bb3 Na5 13. Ng5 Nxc3 14. bxc3 Bd5
15. Rf4 Nxb3 16. axb3 f6 17. exf6 exf6 18. Nh3 Re8 19. Rf2 Qb6 20. c4 Be6 21.
Nf4 Bg4 22. Qd3 Re1+ 23. Rf1 Rae8 24. Bd2 R1e4 25. c5 Qd8 26. Bc3 f5 27. Ra4 g5
28. Qc4+ Kh8 29. Nd3 Be2 30. Rxf5 Re3 31. Qd5 Bxd3 32. Qxd8 Rxd8 33. Rf3 Rxf3
34. gxf3 a6 35. Kf2 Bb5 36. Rb4 Bc6 0-1

[Event "6. Copenhagen Open Politiken Cup"]
[Site "Copenhagen"]
[Date "1984.??.??"]
[Round "4"]
[White "Sznapik, Aleksander"]
[Black "Kristensen, Leif Sogaard"]
[Result "1-0"]
[WhiteElo "2460"]
[BlackElo "2220"]
[PlyCount "83"]
[EventDate "1984.??.??"]
[EventType "swiss"]
[EventRounds "10"]
[EventCountry "DEN"]
[SourceDate "2004.01.01"]

1. e4 d5 2. exd5 Qxd5 3. d4 e5 4. Nf3 exd4 5. Nxd4 Nf6 6. Nc3 Bb4 7. Be2 Nc6 8.
Bf3 Qe5+ 9. Be3 Nxd4 10. Qxd4 Qxd4 11. Bxd4 c6 12. O-O-O Be6 13. a3 Be7 14. Na4
Rd8 15. Rhe1 O-O 16. Bxa7 Rxd1+ 17. Rxd1 Nd5 18. Nc5 Ra8 19. Nxe6 fxe6 20. Bd4
b5 21. Re1 Kf7 22. Bh5+ g6 23. Bg4 Bg5+ 24. Kb1 Re8 25. g3 h5 26. Bh3 Bh6 27.
f4 Bf8 28. Be5 c5 29. Bf1 c4 30. c3 Rd8 31. Bd4 Ne7 32. Kc2 Nf5 33. Bf2 Ne7 34.
a4 bxa4 35. Bxc4 Nd5 36. Ra1 a3 37. b4 Nxc3 38. Rxa3 Ne4 39. Be1 Rd4 40. Ra7+
Kf6 41. Rc7 Bc5 42. Rxc5 1-0

[Event "6. Copenhagen Open Politiken Cup"]
[Site "Copenhagen"]
[Date "1984.??.??"]
[Round "4"]
[White "Sorensen, Henrik"]
[Black "Fuller, Maxwell"]
[Result "0-1"]
[WhiteElo "2250"]
[BlackElo "2335"]
[PlyCount "78"]
[EventDate "1984.??.??"]
[EventType "swiss"]
[EventRounds "10"]
[EventCountry "DEN"]
[SourceDate "2004.01.01"]

1. d4 Nf6 2. Nf3 d6 3. Bg5 Nbd7 4. Nbd2 h6 5. Bh4 g5 6. Bg3 Nh5 7. e4 Bg7 8. c3
c5 9. Nb3 b6 10. Nfd2 Nxg3 11. fxg3 O-O 12. Bd3 a6 13. a4 Rb8 14. Bc2 b5 15. a5
b4 16. Qe2 bxc3 17. bxc3 cxd4 18. cxd4 Qc7 19. Bd1 Rb4 20. Rc1 Qa7 21. Rc4 Rxc4
22. Qxc4 Bb7 23. Rf1 Nf6 24. Qc7 Qb8 25. Qxb8 Rxb8 26. Bc2 Nxe4 27. Nxe4 Bxe4
28. Bxe4 Rxb3 29. Bd5 Rb1+ 30. Ke2 Rxf1 31. Kxf1 Bxd4 32. g4 Bc3 33. Bc4 Bxa5
34. Bxa6 Kg7 35. Ke2 Kf6 36. Bc4 e6 37. Kd3 Ke5 38. Bb5 d5 39. Be8 f6 0-1

[Event "6. Copenhagen Open Politiken Cup"]
[Site "Copenhagen"]
[Date "1984.??.??"]
[Round "4"]
[White "Van der Sterren, Paul"]
[Black "Van Mil, Johan"]
[Result "1-0"]
[WhiteElo "2475"]
[BlackElo "2370"]
[PlyCount "65"]
[EventDate "1984.??.??"]
[EventType "swiss"]
[EventRounds "10"]
[EventCountry "DEN"]
[SourceDate "2004.01.01"]

1. d4 Nf6 2. c4 g6 3. Nc3 d5 4. Bf4 Bg7 5. e3 c5 6. dxc5 Qa5 7. Rc1 Ne4 8. cxd5
Nxc3 9. Qd2 Qxa2 10. bxc3 Qa5 11. Bc4 O-O 12. Ne2 Qxc5 13. Ba2 b6 14. e4 Ba6
15. c4 Nd7 16. O-O Qa3 17. Rc2 Ne5 18. Nd4 Rfc8 19. Rc3 Qb4 20. Rb1 Qc5 21. Be3
Ng4 22. Ne6 Qd6 23. Bf4 Be5 24. Bxe5 Nxe5 25. c5 bxc5 26. Qh6 fxe6 27. Rh3 Kf7
28. Qxh7+ Ke8 29. f4 Rab8 30. Rxb8 Rxb8 31. fxe5 Qxe5 32. Qh8+ Qxh8 33. Rxh8+
1-0

[Event "6. Copenhagen Open Politiken Cup"]
[Site "Copenhagen"]
[Date "1984.??.??"]
[Round "4"]
[White "Wockenfuss, Klaus"]
[Black "Portisch, Ferenc"]
[Result "1/2-1/2"]
[WhiteElo "2310"]
[BlackElo "2445"]
[PlyCount "28"]
[EventDate "1984.??.??"]
[EventType "swiss"]
[EventRounds "10"]
[EventCountry "DEN"]
[SourceDate "2004.01.01"]

1. d4 Nf6 2. Nf3 g6 3. Nc3 d5 4. Bf4 Bg7 5. e3 O-O 6. h3 c5 7. dxc5 Qa5 8. Nd2
Qxc5 9. Nb3 Qb6 10. Be5 Nbd7 11. Bh2 a6 12. Be2 Nc5 13. O-O Rd8 14. Be5 Ncd7
1/2-1/2

[Event "6. Copenhagen Open Politiken Cup"]
[Site "Copenhagen"]
[Date "1984.??.??"]
[Round "5"]
[White "Auchenberg, Per"]
[Black "Hoi, Carsten"]
[Result "0-1"]
[WhiteElo "2240"]
[BlackElo "2400"]
[PlyCount "58"]
[EventDate "1984.??.??"]
[EventType "swiss"]
[EventRounds "10"]
[EventCountry "DEN"]
[SourceDate "2004.01.01"]

1. c4 e6 2. Nf3 Nf6 3. g3 d5 4. Bg2 Be7 5. O-O O-O 6. d4 c6 7. Nc3 Nbd7 8. b3
b6 9. Ne5 Bb7 10. cxd5 cxd5 11. Bb2 a6 12. Nxd7 Nxd7 13. e3 b5 14. Qd2 Nf6 15.
f3 Rc8 16. Ne2 Bd6 17. Rac1 Rxc1 18. Rxc1 h5 19. Bc3 Qe7 20. Qd3 Rc8 21. Bd2
Rxc1+ 22. Bxc1 h4 23. e4 dxe4 24. fxe4 e5 25. Bg5 exd4 26. gxh4 Bxe4 27. Qxe4
Qxe4 28. Bxe4 Nxe4 29. Nc1 f6 0-1

[Event "6. Copenhagen Open Politiken Cup"]
[Site "Copenhagen"]
[Date "1984.??.??"]
[Round "5"]
[White "Bator, Robert"]
[Black "King, Daniel J"]
[Result "0-1"]
[WhiteElo "2365"]
[BlackElo "2435"]
[PlyCount "112"]
[EventDate "1984.??.??"]
[EventType "swiss"]
[EventRounds "10"]
[EventCountry "DEN"]
[SourceDate "2004.01.01"]

1. d4 Nf6 2. c4 e6 3. g3 c5 4. d5 exd5 5. cxd5 d6 6. Bg2 g6 7. Nc3 Bg7 8. Nf3
O-O 9. O-O a6 10. a4 Re8 11. Nd2 Nbd7 12. Nc4 Ne5 13. Nxe5 Rxe5 14. Bf4 Re8 15.
Qc2 Rb8 16. Rab1 Ng4 17. h3 Ne5 18. b4 Bf5 19. e4 cxb4 20. Rxb4 Bd7 21. Qb1 Qc8
22. Bxe5 Bxe5 23. Ne2 b5 24. Rc1 Qd8 25. axb5 Rxb5 26. Rxb5 Bxb5 27. Nc3 Bd7
28. Bf1 Qa8 29. Qb6 Rc8 30. Na2 Rb8 31. Qxa6 Qxa6 32. Bxa6 Rb2 33. Nc3 Bxh3 34.
Nd1 Rb4 35. Bd3 Bd4 36. Rc6 Rb3 37. Bc2 Rxg3+ 38. Kh2 Ra3 39. Ne3 Bd7 40. Rc7
Bb5 41. Ng4 Kg7 42. Kg2 h5 43. Nh2 Ra2 44. Nf3 Bc5 45. Ne1 Bc4 46. Kg3 Ra3+ 47.
Kg2 g5 48. Nf3 Ra2 49. Nd4 Kf6 50. Bd1 Bd3 51. e5+ Kxe5 52. Nc6+ Kf6 53. Bxh5
Be4+ 54. Kh3 Bxd5 55. f3 Bb6 56. Nb4 Be6+ 0-1

[Event "6. Copenhagen Open Politiken Cup"]
[Site "Copenhagen"]
[Date "1984.??.??"]
[Round "5"]
[White "Berg, Klaus"]
[Black "Nilsson, Nils Specht"]
[Result "1-0"]
[WhiteElo "2400"]
[BlackElo "2245"]
[PlyCount "99"]
[EventDate "1984.??.??"]
[EventType "swiss"]
[EventRounds "10"]
[EventCountry "DEN"]
[SourceDate "2004.01.01"]

1. Nf3 c5 2. c4 Nc6 3. Nc3 g6 4. e3 d6 5. d4 Bg4 6. Be2 Bg7 7. d5 Na5 8. Qc2
Nf6 9. h3 Bxf3 10. Bxf3 O-O 11. Be2 e5 12. e4 Ne8 13. Bd3 Bf6 14. Bh6 Ng7 15.
Qd2 a6 16. Rb1 Qd7 17. b3 Rfb8 18. a4 b6 19. g3 Nb7 20. Kf1 Nd8 21. Kg2 Be7 22.
f4 f6 23. fxe5 dxe5 24. Rhf1 Nf7 25. Be3 a5 26. Rf2 Nd6 27. Rbf1 Rf8 28. Bh6
Nf7 29. Bxg7 Kxg7 30. Be2 Nd6 31. Qe3 Rae8 32. Bg4 Qc7 33. h4 Bd8 34. Be6 Kh8
35. h5 g5 36. h6 Be7 37. Qf3 Rb8 38. Nd1 Qd8 39. Ne3 Qe8 40. Ng4 Qg6 41. Nxe5
Qxh6 42. Nd7 Rbd8 43. Nxf8 Rxf8 44. e5 Ne8 45. d6 Bd8 46. Rh1 Qg7 47. Qa8 f5
48. Qxd8 Qxe5 49. Bd5 f4 50. Qe7 1-0

[Event "6. Copenhagen Open Politiken Cup"]
[Site "Copenhagen"]
[Date "1984.??.??"]
[Round "5"]
[White "Berkell, Peder"]
[Black "Reinert, Mads"]
[Result "1/2-1/2"]
[WhiteElo "2305"]
[BlackElo "2330"]
[PlyCount "66"]
[EventDate "1984.??.??"]
[EventType "swiss"]
[EventRounds "10"]
[EventCountry "DEN"]
[SourceDate "2004.01.01"]

1. d4 Nf6 2. Nf3 e6 3. e3 c5 4. Bd3 b6 5. O-O Bb7 6. Nbd2 cxd4 7. exd4 Be7 8.
b3 O-O 9. Bb2 Nc6 10. c4 d5 11. Rc1 Rc8 12. Re1 Re8 13. a3 Bf8 14. c5 a5 15.
Bb5 Nd7 16. Bxc6 Bxc6 17. b4 Qc7 18. Nb3 axb4 19. axb4 Rb8 20. Ba3 Ba4 21. Qd3
Qb7 22. Nbd2 Ra8 23. Ra1 Qa6 24. Qxa6 Rxa6 25. Bb2 Rea8 26. Nb1 Nb8 27. Nc3 b5
28. Ne5 g6 29. Ra3 Bg7 30. Ne2 Bxe5 31. dxe5 Nc6 32. Bc3 Bc2 33. Rxa6 Rxa6
1/2-1/2